<?xml version="1.0" encoding="UTF-8"?>
<record
    xmlns:xsi="http://www.w3.org/2001/XMLSchema-instance"
    xsi:schemaLocation="http://www.loc.gov/MARC21/slim http://www.loc.gov/standards/marcxml/schema/MARC21slim.xsd"
    xmlns="http://www.loc.gov/MARC21/slim">

  <leader>01914nam a2200217Ia 4500</leader>
  <controlfield tag="003">OSt</controlfield>
  <controlfield tag="005">20251219091604.0</controlfield>
  <controlfield tag="008">210210b2012   xxu||||| |||| 00| 0 eng d</controlfield>
  <datafield tag="040" ind1=" " ind2=" ">
    <subfield code="c">AL</subfield>
  </datafield>
  <datafield tag="041" ind1=" " ind2=" ">
    <subfield code="a">Kannada</subfield>
  </datafield>
  <datafield tag="082" ind1=" " ind2=" ">
    <subfield code="a">539.721K PALK</subfield>
  </datafield>
  <datafield tag="100" ind1=" " ind2=" ">
    <subfield code="a">PALAHALLI VISHVANATH</subfield>
    <subfield code="d">&#xCAA;&#xCBE;&#xCB2;&#xCB9;&#xCB3;&#xCCD;&#xCB3;&#xCBF; &#xCB5;&#xCBF;&#xCB6;&#xCCD;&#xCB5;&#xCA8;&#xCBE;&#xCA5;&#xCCD; </subfield>
    <subfield code="9">249493</subfield>
  </datafield>
  <datafield tag="245" ind1=" " ind2=" ">
    <subfield code="a">Kana kana devakana: Kiru prapanchadolage ondu iniku</subfield>
    <subfield code="b">&#xC95;&#xCA3; &#xC95;&#xCA3; &#xCA6;&#xCC7;&#xCB5;&#xC95;&#xCA3; : &#xC95;&#xCBF;&#xCB0;&#xCC1; &#xCAA;&#xCCD;&#xCB0;&#xCAA;&#xC82;&#xC9A;&#xCA6;&#xCCA;&#xCB3;&#xC97;&#xCC6; &#xC92;&#xC82;&#xCA6;&#xCC1; &#xC87;&#xCA3;&#xCBF;&#xC95;&#xCC1;</subfield>
  </datafield>
  <datafield tag="260" ind1=" " ind2=" ">
    <subfield code="a">BengaLUru</subfield>
    <subfield code="b">Vasanta Prakashana</subfield>
    <subfield code="c">2012</subfield>
  </datafield>
  <datafield tag="300" ind1=" " ind2=" ">
    <subfield code="a">x,117</subfield>
  </datafield>
  <datafield tag="520" ind1=" " ind2=" ">
    <subfield code="a">'&#xC95;&#xCA3; &#xC95;&#xCA3; &#xCA6;&#xCC7;&#xCB5;&#xC95;&#xCA3; : &#xC95;&#xCBF;&#xCB0;&#xCC1; &#xCAA;&#xCCD;&#xCB0;&#xCAA;&#xC82;&#xC9A;&#xCA6;&#xCCA;&#xCB3;&#xC97;&#xCC6; &#xC92;&#xC82;&#xCA6;&#xCC1; &#xC87;&#xCA3;&#xCBF;&#xC95;&#xCC1;' &#xCAA;&#xCBE;&#xCB2;&#xCB9;&#xCB3;&#xCCD;&#xCB3;&#xCBF; &#xCB5;&#xCBF;&#xCB6;&#xCCD;&#xCB5;&#xCA8;&#xCBE;&#xCA5;&#xCCD; &#xC85;&#xCB5;&#xCB0;&#xCC1; &#xCAC;&#xCB0;&#xCC6;&#xCA6; &#xCB5;&#xCBF;&#xC9C;&#xCCD;&#xC9E;&#xCBE;&#xCA8; &#xC95;&#xCC3;&#xCA4;&#xCBF;&#xCAF;&#xCBE;&#xC97;&#xCBF;&#xCA6;&#xCCD;&#xCA6;&#xCC1;, &#xC95;&#xCCD;&#xCB5;&#xCBE;&#xC82;&#xC9F;&#xCAE;&#xCCD; &#xCAD;&#xCCC;&#xCA4;&#xCB6;&#xCBE;&#xCB8;&#xCCD;&#xCA4;&#xCCD;&#xCB0; &#xCAE;&#xCA4;&#xCCD;&#xCA4;&#xCC1; &#xCB8;&#xCBE;&#xCAA;&#xCC7;&#xC95;&#xCCD;&#xCB7;&#xCA4;&#xCBE; &#xCB8;&#xCBF;&#xCA6;&#xCCD;&#xCA7;&#xCBE;&#xC82;&#xCA4;&#xCA6;&#xC82;&#xCA4;&#xCB9; &#xCB8;&#xC82;&#xC95;&#xCC0;&#xCB0;&#xCCD;&#xCA3; &#xCB5;&#xCBF;&#xCB7;&#xCAF;&#xC97;&#xCB3;&#xCA8;&#xCCD;&#xCA8;&#xCC1; &#xCB8;&#xCB0;&#xCB3;&#xCB5;&#xCBE;&#xC97;&#xCBF; &#xCB8;&#xCBE;&#xCAE;&#xCBE;&#xCA8;&#xCCD;&#xCAF; &#xC9C;&#xCA8;&#xCB0;&#xCBF;&#xC97;&#xCC6; &#xCA4;&#xCB2;&#xCC1;&#xCAA;&#xCBF;&#xCB8;&#xCC1;&#xCB5; &#xC89;&#xCA6;&#xCCD;&#xCA6;&#xCC7;&#xCB6;&#xCA6;&#xCBF;&#xC82;&#xCA6; &#xCB0;&#xC9A;&#xCBF;&#xCB8;&#xCB2;&#xCBE;&#xC97;&#xCBF;&#xCA6;&#xCC6;. &#xC88; &#xCAA;&#xCC1;&#xCB8;&#xCCD;&#xCA4;&#xC95;&#xCB5;&#xCC1; &#xCAA;&#xCB0;&#xCAE;&#xCBE;&#xCA3;&#xCC1;&#xCB5;&#xCBF;&#xCA8; &#xC92;&#xCB3;&#xC97;&#xCBF;&#xCB0;&#xCC1;&#xCB5; &#xC9A;&#xCBF;&#xC95;&#xCCD;&#xC95; &#xCAA;&#xCCD;&#xCB0;&#xCAA;&#xC82;&#xC9A;&#xCA6; &#xCAC;&#xC97;&#xCCD;&#xC97;&#xCC6;, &#xC85;&#xC82;&#xCA6;&#xCB0;&#xCC6; &#xC95;&#xCA3;&#xC97;&#xCB3; &#xCAC;&#xC97;&#xCCD;&#xC97;&#xCC6; &#xC86;&#xCB8;&#xC95;&#xCCD;&#xCA4;&#xCBF;&#xC95;&#xCB0;&#xCB5;&#xCBE;&#xCA6; &#xCAE;&#xCBE;&#xCB9;&#xCBF;&#xCA4;&#xCBF;&#xCAF;&#xCA8;&#xCCD;&#xCA8;&#xCC1; &#xCA8;&#xCC0;&#xCA1;&#xCC1;&#xCA4;&#xCCD;&#xCA4;&#xCA6;&#xCC6;, &#xCB5;&#xCBF;&#xC9C;&#xCCD;&#xC9E;&#xCBE;&#xCA8;&#xCA6; &#xC86;&#xCB5;&#xCBF;&#xCB7;&#xCCD;&#xC95;&#xCBE;&#xCB0;&#xC97;&#xCB3;&#xCCA;&#xC82;&#xCA6;&#xCBF;&#xC97;&#xCC6; &#xCB5;&#xCBF;&#xCB6;&#xCCD;&#xCB5;&#xCBE;&#xCA6; &#xCA4;&#xCBF;&#xCB3;&#xCC1;&#xCB5;&#xCB3;&#xCBF;&#xC95;&#xCC6;&#xCAF;&#xCA8;&#xCCD;&#xCA8;&#xCC1; &#xCB5;&#xCBF;&#xCB8;&#xCCD;&#xCA4;&#xCB0;&#xCBF;&#xCB8;&#xCB2;&#xCC1; &#xCB8;&#xCB9;&#xCBE;&#xCAF; &#xCAE;&#xCBE;&#xCA1;&#xCC1;&#xCA4;&#xCCD;&#xCA4;&#xCA6;&#xCC6;. </subfield>
  </datafield>
  <datafield tag="650" ind1=" " ind2=" ">
    <subfield code="a">&#xCAD;&#xCCC;&#xCA4;&#xCB5;&#xCBF;&#xC9C;&#xCCD;&#xC9E;&#xCBE;&#xCA8;&#xCA6; &#xC95;&#xCA3; &#xCAE;&#xCA4;&#xCCD;&#xCA4;&#xCC1; &#xC95;&#xCCD;&#xCB5;&#xCBE;&#xC82;&#xC9F;&#xCAE;&#xCCD; &#xCB8;&#xCBF;&#xCA6;&#xCCD;&#xCA7;&#xCBE;&#xC82;&#xCA4;&#xC97;&#xCB3; &#xCAA;&#xCB0;&#xCBF;&#xC9A;&#xCAF;.</subfield>
    <subfield code="9">249494</subfield>
  </datafield>
  <datafield tag="690" ind1=" " ind2=" ">
    <subfield code="a">Nuclear Physics</subfield>
    <subfield code="9">249495</subfield>
  </datafield>
  <datafield tag="906" ind1=" " ind2=" ">
    <subfield code="a">067328</subfield>
  </datafield>
  <datafield tag="942" ind1=" " ind2=" ">
    <subfield code="2">ddc</subfield>
    <subfield code="c">BK</subfield>
  </datafield>
  <datafield tag="999" ind1=" " ind2=" ">
    <subfield code="c">149693</subfield>
    <subfield code="d">149693</subfield>
  </datafield>
  <datafield tag="952" ind1=" " ind2=" ">
    <subfield code="0">0</subfield>
    <subfield code="1">0</subfield>
    <subfield code="2">ddc</subfield>
    <subfield code="4">0</subfield>
    <subfield code="7">0</subfield>
    <subfield code="8">PHY</subfield>
    <subfield code="a">AL</subfield>
    <subfield code="b">AL</subfield>
    <subfield code="c">Physics</subfield>
    <subfield code="d">2021-02-17</subfield>
    <subfield code="e">Navasiri Prakashana, Mangalore</subfield>
    <subfield code="g">75.00</subfield>
    <subfield code="l">0</subfield>
    <subfield code="o">539.721K PALK</subfield>
    <subfield code="p">067328</subfield>
    <subfield code="r">2021-02-17 00:00:00</subfield>
    <subfield code="w">2021-02-17</subfield>
    <subfield code="y">BK</subfield>
  </datafield>
</record>
